|
|
|
|
| LEADER |
00000nam a22000007a 4500 |
| 005 |
20210906221116.0 |
| 007 |
cr|||| ||| |
| 008 |
210906s2021 cl |||||s|||| 00||0 spa d |
| 035 |
|
|
|a 35021
|
| 040 |
|
|
|a vLex
|
| 090 |
|
|
|c 12270
|d 12270
|
| 100 |
1 |
|
|a Retamal, Alejandra
|
| 245 |
1 |
0 |
|a Teletrabajo y Trabajo a Distancia
|h [Recurso electrn̤ico] /
|c Alejandra Retamal
|
| 256 |
|
|
|a Servicio en ln̕ea
|
| 260 |
|
|
|a Barcelona:
|b Editorial vLex,
|c 2021
|
| 300 |
|
|
|a 1 recurso electrn̤ico
|
| 506 |
1 |
|
|a Disponible solo en los productos indicados
|d vLex Global
|d vLex Global (Academic Edition, excluding Law Schools)
|d vLex Global (U.S. Academic Edition, Law Schools)
|d vLex Global (U.S. Academic Edition, excluding Law Schools)
|d vLex Global (Academic Edition, Law Schools)
|
| 650 |
0 |
4 |
|a Derecho Laboral y Seguridad Social
|z Chile
|
| 740 |
0 |
|
|a vLex Libros (Servicio en ln̕ea)
|
| 856 |
4 |
0 |
|u https://app.vlex.com/#/sources/35021
|z Acceso restringido
|
| 942 |
|
|
|c BOOK
|
| 999 |
0 |
|
|a Labor law and social security
|